Siete mundos. Cerámica veracruzana. (Record no. 10946)
[ view plain ]
| 000 -CABECERA | |
|---|---|
| campo de control de longitud fija | 01669nam a22004337a 4500 |
| 001 - NÚMERO DE CONTROL | |
| campo de control | BRCA_9324 |
| 003 - IDENTIFICADOR DEL NÚMERO DE CONTROL | |
| campo de control | FranzMayer |
| 005 - FECHA Y HORA DE LA ÚLTIMA TRANSACCIÓN | |
| campo de control | 20230918120203.0 |
| 008 - DATOS DE LONGITUD FIJA--INFORMACIÓN GENERAL | |
| campo de control de longitud fija | 230823b |||||||| |||| 00| 0 eng d |
| 022 ## - NÚMERO INTERNACIONAL NORMALIZADO PARA PUBLICACIONES SERIADAS | |
| Fuente | 9701882121 |
| 040 ## - FUENTE DE LA CATALOGACIÓN | |
| Centro catalogador/agencia de origen | MFM |
| Lengua de catalogación | esp |
| Centro/agencia transcriptor | MFM |
| 050 #0 - SIGNATURA TOPOGRÁFICA DE LA BIBLIOTECA DEL CONGRESO | |
| Número de clasificación | HD8039.M6 |
| Número de documento/Ítem | .K37 2004 |
| 100 1# - ENTRADA PRINCIPAL--NOMBRE DE PERSONA | |
| Código de función/relación | Autor |
| Nombre de persona | Kartofel, Graciela |
| 9 (RLIN) | 29106 |
| 240 ## - TÍTULO UNIFORME | |
| Título uniforme | Siete mundos. Cerámica veracruzana. |
| Medio | Seven Worlds. Veracruz Ceramics |
| Lenguaje de la obra | Español/Inglés |
| 245 0# - MENCIÓN DE TÍTULO | |
| Título | Siete mundos. Cerámica veracruzana. |
| Resto del título | Seven Worlds. Veracruz Ceramics |
| 260 ## - PUBLICACIÓN, DISTRIBUCIÓN, ETC. | |
| Lugar de publicación, distribución, etc. | Veracruz, México |
| Nombre del editor, distribuidor, etc. | Instituto Veracruzano de Cultura |
| Fecha de publicación, distribución, etc. | 2004 |
| 300 ## - DESCRIPCIÓN FÍSICA | |
| Extensión | 143 p. |
| Otras características físicas | Ilustraciones a color |
| Dimensiones | 22 cm |
| 500 ## - NOTA GENERAL | |
| Nota general | Anexo 1 |
| 505 ## - NOTA DE CONTENIDO CON FORMATO | |
| Nota de contenido con formato | Texto en: español e inglésIncluye índice temáticoDirigido a: artistas |
| 650 1# - PUNTO DE ACCESO ADICIONAL DE MATERIA--TÉRMINO DE MATERIA | |
| Fuente del encabezamiento o término | Industrias |
| Término de materia o nombre geográfico como elemento de entrada | Artes industriales |
| Subdivisión de forma | Cerámica |
| 9 (RLIN) | 29107 |
| 651 2# - PUNTO DE ACCESO ADICIONAL DE MATERIA--NOMBRE GEOGRÁFICO | |
| Fuente del encabezamiento o término | Minerales mexicanos |
| Nombre geográfico | Cerámica mexicana |
| Subdivisión de forma | Veracruz |
| 9 (RLIN) | 29108 |
| 700 1# - PUNTO DE ACCESO ADICIONAL--NOMBRE DE PERSONA | |
| Código de función/relación | Autor |
| Nombre de persona | Rodríguez, Prampolini, Ida. |
| 9 (RLIN) | 29109 |
| 700 1# - PUNTO DE ACCESO ADICIONAL--NOMBRE DE PERSONA | |
| Código de función/relación | Col. |
| Nombre de persona | Anaya, Leonor |
| 9 (RLIN) | 29110 |
| 700 1# - PUNTO DE ACCESO ADICIONAL--NOMBRE DE PERSONA | |
| Código de función/relación | Col. |
| Nombre de persona | Ávila, Alfonso |
| 9 (RLIN) | 29111 |
| 700 1# - PUNTO DE ACCESO ADICIONAL--NOMBRE DE PERSONA | |
| Código de función/relación | Col. |
| Nombre de persona | Bautista Rojo, Joel |
| 9 (RLIN) | 29112 |
| 700 1# - PUNTO DE ACCESO ADICIONAL--NOMBRE DE PERSONA | |
| Código de función/relación | Col. |
| Nombre de persona | Cházaro, Margarita |
| 9 (RLIN) | 29113 |
| 700 1# - PUNTO DE ACCESO ADICIONAL--NOMBRE DE PERSONA | |
| Código de función/relación | Col. |
| Nombre de persona | Méndez, Constantino |
| 9 (RLIN) | 29114 |
| 700 1# - PUNTO DE ACCESO ADICIONAL--NOMBRE DE PERSONA | |
| Código de función/relación | Col. |
| Nombre de persona | Mendoza, Artemio |
| 9 (RLIN) | 29115 |
| 700 1# - PUNTO DE ACCESO ADICIONAL--NOMBRE DE PERSONA | |
| Código de función/relación | Col. |
| Nombre de persona | Naveda, Elsa |
| 9 (RLIN) | 29116 |
| 700 1# - PUNTO DE ACCESO ADICIONAL--NOMBRE DE PERSONA | |
| Código de función/relación | Col. |
| Nombre de persona | Ovalle, Marta |
| 9 (RLIN) | 29117 |
| 700 1# - PUNTO DE ACCESO ADICIONAL--NOMBRE DE PERSONA | |
| Código de función/relación | Col. |
| Nombre de persona | Owen, Tómas |
| 9 (RLIN) | 29118 |
| 700 1# - PUNTO DE ACCESO ADICIONAL--NOMBRE DE PERSONA | |
| Código de función/relación | Col. |
| Nombre de persona | Pérez, Gustavo |
| 9 (RLIN) | 29119 |
| 700 1# - PUNTO DE ACCESO ADICIONAL--NOMBRE DE PERSONA | |
| Código de función/relación | Col. |
| Nombre de persona | Rodríguez, Maite |
| 9 (RLIN) | 29120 |
| 700 1# - PUNTO DE ACCESO ADICIONAL--NOMBRE DE PERSONA | |
| Código de función/relación | Col. |
| Nombre de persona | Romo, Viviana |
| 9 (RLIN) | 29121 |
| 700 1# - PUNTO DE ACCESO ADICIONAL--NOMBRE DE PERSONA | |
| Código de función/relación | Col. |
| Nombre de persona | Sagaón, Rocío |
| 9 (RLIN) | 29122 |
| 700 1# - PUNTO DE ACCESO ADICIONAL--NOMBRE DE PERSONA | |
| Código de función/relación | Col. |
| Nombre de persona | Sandoval, Valentina |
| 9 (RLIN) | 29123 |
| 700 1# - PUNTO DE ACCESO ADICIONAL--NOMBRE DE PERSONA | |
| Código de función/relación | Col. |
| Nombre de persona | Vinaver, Georges |
| 9 (RLIN) | 29124 |
| 942 ## - ELEMENTOS DE PUNTO DE ACCESO ADICIONAL (KOHA) | |
| Fuente del sistema de clasificación o colocación | Library of Congress Classification |
| Tipo de ítem Koha | Libros |
| Estado de retiro | Estado de pérdida | Fuente del sistema de clasificación o colocación | Estado dañado | No para préstamo | Código de colección | Localización permanente | Ubicación/localización actual | Fecha de adquisición | Total de préstamos | Signatura topográfica completa | Código de barras | Fecha visto por última vez | Precio válido a partir de | Tipo de ítem Koha |
|---|---|---|---|---|---|---|---|---|---|---|---|---|---|---|
| El ejemplar forma parte de la colección y puede ser consultado según las políticas vigentes. | Library of Congress Classification | Fondo Contemporáneo | Biblioteca del Museo Franz Mayer (Rogerio Casas-Alatriste) | Biblioteca del Museo Franz Mayer (Rogerio Casas-Alatriste) | 23/08/2023 | HD8039.M6 .K37 2004 | CONT10080 | 23/08/2023 | 23/08/2023 | Libros |